000 00716nam a2200205 i 4500
001 158454
003 ES-MaACL
005 20240507134258.0
008 191204s1966 sp | |||||||| ||cat d
100 1 _aLaín Entralgo, Pedro,
_d1908-2001
_969681
245 1 2 _aL'Empresa d'ésser home /
_cPedro Laín Entralgo ; pròleg de Salvador Espriu ; [traducció Manuel Cruells].
260 _aBarcelona :
_bDelos-Aymà,
_c1966.
300 _a223 p. ;
_c19 cm.
490 1 _aCol.lecció "Galileu Galilei" ;
_v2
700 1 _aEspriu, Salvador,
_d1913-1985
_947947
700 0 _aCruells, Manuel.
_941767
830 0 _aCol.lecció "Galileu Galilei" ;
_v2
_9181026
852 _aES-MaACL
_jP-1098-2
999 _c158454
_d158454